| 000 | 01478nam a2200385 c 4500 | ||
|---|---|---|---|
| 001 | 4178 | ||
| 003 | ES-MaCES | ||
| 005 | 20190103040050.0 | ||
| 008 | 960927s1995 sp ||| | spa d | ||
| 017 |
_aV-4341-1995 _bDL |
||
| 020 | _a8480022906 | ||
| 035 | _aCES19980042130m | ||
| 040 |
_aES-MaCES _bspa _cES-MaCES |
||
| 100 | 1 |
_aCamps Ruiz, Luis Miguel _98856 |
|
| 245 | 1 | 3 |
_aLa contratación laboral temporal _b: un análisis legal y jurisprudencial, adaptado a la Ley 42-1994, de 30 de diciembre (BOE del 31); al texto refundido de la Ley del Estatuto de los Trabajadores, aprobado por el Real Decreto legislativo 1-1995, de 24 de marzo (BOE del 29) (...) _cLuis Miguel Camps Ruiz |
| 260 |
_aValencia _bTirant lo Blanch _c1995 |
||
| 300 |
_a166 p. _c21 cm |
||
| 490 | 1 |
_aColección Laboral (Tirant lo Blanch (Firma)) _v22 |
|
| 541 | _cCompra | ||
| 650 | 4 |
_acontratación _928323 |
|
| 650 | 4 |
_aempleo temporal _929000 |
|
| 650 | 4 |
_atrabajador temporal _929204 |
|
| 650 | 4 |
_aEspaña _926964 |
|
| 650 | 4 |
_areforma legislativa _929892 |
|
| 650 | 4 |
_a1994 _930780 |
|
| 650 | 4 |
_aEstatuto de los Trabajadores _930784 |
|
| 650 | 4 |
_aprocedimiento laboral _930887 |
|
| 650 | 4 |
_aderecho del trabajo _927165 |
|
| 650 | 4 |
_aderecho jurisprudencial _929863 |
|
| 653 | 1 | 0 | _aDerecho del trabajo y Seguridad Social |
| 830 | 0 |
_aLaboral (Tirant lo Blanch (Firma)) _v22 _932672 |
|
| 902 | _aLIB Libro | ||
| 942 |
_2CES _cBK _h6.0.1. |
||
| 999 |
_c4178 _d4178 |
||